00809 a2200169 45000010006000000050017000060080041000230030015000640400040000790800145001192450049002642640039003133000019003525050225003711000023005967000020006193213120260407155622.0260407a1971 arg spa dAR-UNSa-BCEJYS aAR-UNSa-BCEJYSbspacAR-UNSa-BCEJYS a658.012.4xGestión. Dirección. Autoridad. Técnicas y métodos de gestión (gestión del conocimiento, Outsourcing, Benchmarking...)10aLos secretos de los gigantes norteamericanos 1aBuenos Aires :bSudamericanac1971 a226 p.c20 cm. a1. La fenomenología de la gran empresa norteamericana - 2. Los modelos de crecimiento - 3. El nuevo arte de dirigir - 4. El crecimiento como necesidad orgánica - 5. ¿Puede arraigar este tipo de empresas en Francia?.1 aHetman, François1 aLugones, Susana